Siete años de labor municipal / por Antonio Carner
Publicado:
San Jorge, núm. 79 - 80 (3r i 4rt trimestre 1970), pàg 104 :
MARC
| LEADER | 00000nam a2200000Ia 4500 | ||
|---|---|---|---|
| 001 | |||
| 008 | 160829s9999 xx 000 0 cat d | ||
| 100 | |a Carner i Borràs, Antoni |9 29403 | ||
| 245 | |a Siete años de labor municipal / por Antonio Carner | ||
| 260 | |a San Jorge, núm. 79 - 80 (3r i 4rt trimestre 1970), pàg 104 | ||
| 650 | |a García Urgelés, Juan Antonio |9 40674 | ||
| 650 | 0 | |a Homenatges |9 21383 | |
| 650 | 0 | |a Alcaldes |z Igualada (Catalunya) |9 55941 | |
| 901 | |a Arxiu | ||
| 942 | |n 1 | ||
| 952 | |0 0 |1 0 |4 0 |7 1 |9 49848 |a Arxiu |b Arxiu |d 2016-12-01 |l 0 |r 2016-12-01 00:00:00 |w 2016-12-01 |y ARXIU | ||
| 999 | |c 53690 |d 53690 | ||